Pre-budget report (Record no. 106202)

MARC details
000 -LEADER
fixed length control field 01634cam a2200253 4500
001 - CONTROL NUMBER
control field ##L135770
008 - FIXED-LENGTH DATA ELEMENTS--GENERAL INFORMATION
fixed length control field 061211n2006 000 0 eng u
020 ## - INTERNATIONAL STANDARD BOOK NUMBER
International Standard Book Number 0101698429
-- 9780101698429
035 ## - SYSTEM CONTROL NUMBER
System control number (Sirsi) u135770
041 0# - LANGUAGE CODE
Language code of text/sound track or separate title eng
050 04 - LIBRARY OF CONGRESS CALL NUMBER
Classification number 352.4941 $2 18
110 1# - MAIN ENTRY--CORPORATE NAME
Corporate name or jurisdiction name as entry element United Kingdom
Subordinate unit HM Treasury
245 00 - TITLE STATEMENT
Title Pre-budget report
Remainder of title investing in Britain's potential
-- building our long-term future
260 ## - PUBLICATION, DISTRIBUTION, ETC.
Place of publication, distribution, etc. London
Name of publisher, distributor, etc. TSO
Date of publication, distribution, etc. 2006
490 #0 - SERIES STATEMENT
Series statement Cm
Volume/sequential designation 6984
505 1# - FORMATTED CONTENTS NOTE
Formatted contents note Overview -- Maintaining macroeconomic stability -- Meeting the productivity challenge -- Increasing employment opportunity for all -- Building a fairer society -- Delivering high quality public services -- Protecting the environment -- The economy -- The public finances
520 ## - SUMMARY, ETC.
Summary, etc. Details government's tax and spending plans, including public investment, and provides updated forecasts for the economy and projections for the public finances. Key measures include: investing in transport infrastructure by taking forward the recommendations of the Eddington Transport Study; investing in the growth of sustainable housing supply; enabling greater flexibility in the land use planning system by taking forward the Barker Review; and taking steps to tackle climate change, improve air quality and protect the UK's countryside and natural resources.
590 ## - LOCAL NOTE (RLIN)
Local note KA
650 24 - SUBJECT ADDED ENTRY--TOPICAL TERM
Topical term or geographic name entry element PRE-BUDGET REPORT 2006
651 #4 - SUBJECT ADDED ENTRY--GEOGRAPHIC NAME
Geographic name United Kingdom
Chronological subdivision
690 ## - LOCAL SUBJECT ADDED ENTRY--TOPICAL TERM (OCLC, RLIN)
Topical term or geographic name as entry element PROPERTY
856 40 - ELECTRONIC LOCATION AND ACCESS
Uniform Resource Identifier <a href="https://www.hm-treasury.gov.uk/pre_budget_report/prebud_pbr06/report/prebud_pbr06_repindex.cfm">https://www.hm-treasury.gov.uk/pre_budget_report/prebud_pbr06/report/prebud_pbr06_repindex.cfm</a>
Public note View the report free of charge at www.hm-treasury.gov.uk...
942 ## - ADDED ENTRY ELEMENTS (KOHA)
Suppress in OPAC 0
Holdings
Withdrawn status Lost status Source of classification or shelving scheme Damaged status Not for loan Home library Current library Shelving location Date acquired Total Checkouts Full call number Barcode Date last seen Copy number Price effective from Koha item type
    Dewey Decimal Classification     Virtual Virtual Online 11/12/2006   ONLINE PUBLICATION 135770-2001 06/08/2019 1 06/08/2019 Book